A focus on revision in navigating the writing process : a case study /
Saved in:
| Main Author: | |
|---|---|
| Format: | Thesis Book |
| Language: | English |
| Published: |
2003.
|
| Subjects: | |
| Tags: |
Add Tag
No Tags, Be the first to tag this record!
|
| LEADER | 01033cam a2200229 a 4500 | ||
|---|---|---|---|
| 001 | u714184 | ||
| 003 | SIRSI | ||
| 008 | 051027s2003 my t 00 eng m | ||
| 040 | |a UMM | ||
| 090 | |a LB7 |b UM 2003 Amb | ||
| 100 | 0 | 0 | |a Ambikadevi Nair. |
| 245 | 1 | 2 | |a A focus on revision in navigating the writing process : |b a case study / |c Ambikadevi Nair. |
| 260 | |c 2003. | ||
| 300 | |a xi, 172 leaves : |b ill. ; |c 30 cm. | ||
| 502 | |a Dissertation (M.Ed.) -- Fakulti Pendidikan, Universiti Malaya, 2004. | ||
| 504 | |a Bibliography: leaves 105-108. | ||
| 650 | 0 | |a English language |x Written English |x Study and teaching (Secondary) |z Kuala Lumpur (W.P.) | |
| 710 | 2 | 0 | |a Universiti Malaya. |b Fakulti Pendidikan. |
| 856 | |f IARC:A511957761 |z Click Here for Abstract and Table of Contents | ||
| 596 | |a 1 8 | ||
| 999 | |a LB7 UM 2003 AMB |w LC |c 1 |i A511934375 |d 4/10/2015 |e 4/10/2015 |f 22/11/2005 |g 1 |l STACKS |m P01UTAMA |n 9 |r Y |s Y |t TESIS |u 21/11/2005 | ||
| 999 | |a LB7 UM 2003 AMB |w LC |c 1 |i A516663006 |d 5/12/2019 |f 5/1/2017 |g 1 |l STACKS |m P08PENDIDI |q 1 |r Y |s Y |t TESIS |u 9/12/2016 |1 AHSS | ||
